000 00925nam a2200277Ia 4500
003 OSt
005 20220926010046.0
006 a|||||r|||| 00| 0
007 ta
008 220923b |||||||| |||| 00| 0 eng d
020 _a9789.50353219
_c289
037 _bRKBA\09-10\5433, 24/02/2015, RAJKIRAN BOOK AGENCY
_cGeneral Book
040 _aRTL
_cRTL
_beng
041 _2eng
_aeng
082 _aX9(A):956:(Z2), Q3
100 _aKUMAR H L
_9126466
245 0 _aLaw relating to leave, holidays, absenteeism in industries
250 _a10th
260 _a New Delhi
_bUniversity Law Publishing
_c2013
300 _axxxvi,330p
_ccm.
500 _aGlossary: p 439-43; Appendix: p 361-66
650 _aCommerce
700 _a GAURAV KUMAR
_9311802
942 _hX9(A):956:(Z2), Q3
_cGB
_2CC
999 _c616314
_d616314